KOHA-Header-6

Internet working designing the right Architecture (Record no. 6665)

000 -LEADER
fixed length control field 00282nam a2200109Ia 4500
100 ## - MAIN ENTRY--AUTHOR NAME
Personal name Smyth, Collin
245 #0 - TITLE STATEMENT
Title Internet working designing the right Architecture
260 ## - PUBLICATION, DISTRIBUTION, ETC. (IMPRINT)
Place of publication New York
Name of publisher Pearson
Year of publication 1995
300 ## - PHYSICAL DESCRIPTION
Number of Pages 473
942 ## - ADDED ENTRY ELEMENTS (KOHA)
Koha item type Books
Holdings
Withdrawn status Lost status Permanent Location Current Location Date acquired Full call number Accession Number Koha item type
    MAJU MAJU 2019-09-11 005.72 58 Books

Powered by Koha